000 00253nam a2200097Ia 4500
008 230915s9999 xx 000 0 und d
050 _aHD30.28.T496 2001
100 _aARTHUR A.THOMPSON
245 0 _aSTRATEGIC MANAGEMENT: CONCEPTS AND CASES
942 _cBK
999 _c75735
_d75735